|
|
|
|
| LEADER |
01012nam a2200313 a 4500 |
| 001 |
000633163 |
| 003 |
CZ BrMZK |
| 005 |
20121122133400.0 |
| 007 |
ta |
| 008 |
021025s2002 xr g f cze d |
| 015 |
|
|
|a cnb001183141
|
| 020 |
|
|
|a 80-7303-081-0
|
| 035 |
|
|
|a (OCoLC)53272786
|
| 040 |
|
|
|a BOA001
|b cze
|
| 041 |
1 |
|
|a cze
|h eng
|
| 072 |
|
7 |
|a 821.111-3
|x Anglická próza, anglicky psaná
|2 Konspekt
|9 25
|
| 080 |
|
|
|a 821.111-31
|2 MRF
|
| 080 |
|
|
|a (0:82-31)
|2 MRF
|
| 100 |
1 |
|
|a Cole, Martina,
|d 1959-
|7 jo20000070932
|4 aut
|
| 245 |
1 |
0 |
|a Bez tváře /
|c Martina Cole ; [z anglického originálu přeložila Milada Suderová]
|
| 250 |
|
|
|a Vyd. 1.
|
| 260 |
|
|
|a Ostrava :
|b Domino,
|c 2002
|
| 300 |
|
|
|a 353 s. ;
|c 21 cm
|
| 655 |
|
7 |
|a anglické romány
|7 fd131814
|2 czenas
|
| 700 |
1 |
|
|a Suderová, Milada
|7 jn20010309284
|4 trl
|
| 765 |
0 |
|
|t Faceless
|9 Česky
|
| 910 |
|
|
|a BOA001
|b 2-1109.115
|
| 990 |
|
|
|a BK
|
| 996 |
6 |
|
|b 2610173142
|c 2-1109.115
|l MZK
|r Sklad / do 1 hodiny
|n 7
|p p.v.
|w 000633163
|u 000010
|a 1
|e BOA001
|j MZK50
|s P
|